书目信息 |
| 题名: |
世界古代史
|
|
| 作者: | 米辰峰 主编 | |
| 分册: | ||
| 出版信息: | 北京 中国人民大学出版社 2001.4 |
|
| 页数: | 587页 | |
| 开本: | 21cm | |
| 丛书名: | ||
| 单 册: | ||
| 中图分类: | K12 | |
| 科图分类: | ||
| 主题词: | 世界史:古代史 | |
| 电子资源: | ||
| ISBN: | 7-300-03602-3 | |
| 000 | 00615nam0 2200217 45 | |
| 001 | 012000000193 | |
| 005 | 20041129171257.5 | |
| 010 | @a7-300-03602-3@dCNY25.00 | |
| 100 | @a20010517d2001 em y0chiy0120 ea | |
| 101 | 0 | @achi |
| 102 | @aCN@b110000 | |
| 105 | @abk z 000yy | |
| 200 | 1 | @a世界古代史@Ashi jie gu dai shi@d= A history of ancient world@zeng@f米辰峰主编@FMi Chen Feng Zhu Bian |
| 210 | @a北京@c中国人民大学出版社@d2001.4 | |
| 215 | @a587页@c地图@d21cm | |
| 320 | @a有书目 | |
| 606 | 0 | @a世界史:古代史 |
| 690 | @aK12@v4 | |
| 701 | 0 | @a米辰峰@4主编 |
| 801 | @aCN@bTSTC@c20020416 | |
| 905 | @dK12@e107 | |
| 世界古代史= A history of ancient world/米辰峰主编.-北京:中国人民大学出版社,2001.4 |
| 587页:地图;21cm |
| ISBN 7-300-03602-3:CNY25.00 |
| ● |
| 相关链接 |
|
|
|
|
正题名:世界古代史
索取号:K12/107
 
预约/预借
| 序号 | 登录号 | 条形码 | 馆藏地/架位号 | 状态 | 备注 |
| 1 | 0308175 | 203081752 | 第二借阅区/ [索取号:K12/107] | 在馆 | |
| 2 | 0308176 | 203081761 | 第二借阅区/ [索取号:K12/107] | 在馆 | |
| 3 | 0308177 | 203081770 | 第二借阅区/ [索取号:K12/107] | 在馆 | |
| 4 | 0308178 | 203081789 | 第二借阅区/ [索取号:K12/107] | 在馆 | |
| 5 | 0308179 | 203081798 | 第二样本阅览室/ [索取号:K12/107] | 在馆 |